| 000 | 01058cam a22002054a 4500 | ||
|---|---|---|---|
| 005 | 20250605164007.0 | ||
| 008 | 250528s ||||||||||||||||||||||||d | ||
| 035 | _a15841 | ||
| 020 | _a71313688 | ||
| 040 |
_aGR-AtMCL _bgre _dGR-AtMCL _eAACR2 |
||
| 245 | 1 | _aData Analysis for Data Base Design / Second Edition | |
| 250 | _a2nd | ||
| 260 |
_bArnold, _c1989 |
||
| 300 | _a322 | ||
| 520 | _aData analysis for data base design is a subject of great practical value to the systems analyst and designer. Preface, Introduction, Data Base and Data Base Management Systems, Dat Base Systems, Relational Modelling, Tables, Repeating Groups, Determinants and Identifiers, Entity-Relationship Modelling, Properties of Relationships, Connection Traps, Attribute Assignment, First-Level Design, Implementation, Further DMS II Schema Facilities, Further CodasyI Schema Facilities, Further CodasyI COBOL DML Facilities, Relational Algebra, The SQL Language, Bibliography, Index. | ||
| 700 | 1 |
_aHowe R. D _91854 |
|
| 942 | _cBK | ||
| 999 |
_c1391 _d1391 |
||